ՀՀ Գիտությունների ազգային ակադեմիայի հիմնարար գիտական գրադարան  =   Fundamental Scientific Library of NAS RA

Ատրպետի «Գիտական արկածները» և վիշապ քարակոթողների հայտնագործումը = (Record no. 528907)

MARC details
000 -LEADER
fixed length control field 01854nam a2200313 a 4500
001 - CONTROL NUMBER
control field 1758232
003 - CONTROL NUMBER IDENTIFIER
control field AM-YEHGA
005 - DATE AND TIME OF LATEST TRANSACTION
control field 20250618080127.0
008 - FIXED-LENGTH DATA ELEMENTS--GENERAL INFORMATION
fixed length control field 210226s2020 ai abo|fr|||||||||0|arm|d
020 ## - INTERNATIONAL STANDARD BOOK NUMBER
International Standard Book Number 9789939922720
040 ## - CATALOGING SOURCE
Original cataloging agency AM-YeHGA
041 0# - LANGUAGE CODE
Language code of text/sound track or separate title arm
Language code of summary or abstract eng
-- rus
090 ## - LOCALLY ASSIGNED LC-TYPE CALL NUMBER (OCLC); LOCAL CALL NUMBER (RLIN)
-- 567217
100 1# - MAIN ENTRY--PERSONAL NAME
Personal name Բոբոխյան, Արսեն
245 10 - TITLE STATEMENT
Title Ատրպետի «Գիտական արկածները» և վիշապ քարակոթողների հայտնագործումը =
Remainder of title «Научные приключения» Атрпета и открытие изваяний вишапов = ''Scientific adventures''of Atrpet and discovery of vishap stelae /
Statement of responsibility, etc. Ա. Բոբոխյան ; Խմբագիր՝ Պ. Ավետիսյան, Հ. Ավետիսյան ; Հայաստանի պատմության թանգարան.
246 31 - VARYING FORM OF TITLE
Title proper/short title Научные приключения» Атрпета и открытие изваяний вишапов
246 31 - VARYING FORM OF TITLE
Title proper/short title Scientific adventures''of Atrpet and discovery of vishap stelae
260 ## - PUBLICATION, DISTRIBUTION, ETC.
Place of publication, distribution, etc. Երևան :
Name of publisher, distributor, etc. Հայաստանի պատմության թանգարան,
Date of publication, distribution, etc. 2020.
300 ## - PHYSICAL DESCRIPTION
Extent 151 էջ :
Other physical details նկար, քարտեզ, լուսանկար ;
Dimensions 30 սմ.
504 ## - BIBLIOGRAPHY, ETC. NOTE
Bibliography, etc. note Տողատակում՝ ծանոթագրություններ : Գրականության ցանկ՝ էջ 110-116: Ցանկեր՝ էջ 143-150:
546 ## - LANGUAGE NOTE
Language note Ամփուփումը՝ ռուսերեն և անգլերեն:
600 04 - SUBJECT ADDED ENTRY--PERSONAL NAME
Personal name Ատրպետ
Dates associated with a name 1860-1937
9 (RLIN) 971
650 14 - SUBJECT ADDED ENTRY--TOPICAL TERM
Topical term or geographic name entry element Հայ գրողներ
Form subdivision Կյանքն ու գործունեությունը
650 14 - SUBJECT ADDED ENTRY--TOPICAL TERM
Topical term or geographic name entry element Հնագիտություն
Geographic subdivision Հայաստան
700 1# - ADDED ENTRY--PERSONAL NAME
Personal name Ավետիսյան, Պավել
Relator term խմբագիր
Relationship edt
700 1# - ADDED ENTRY--PERSONAL NAME
Personal name Ավետիսյան, Հայկ
Relator term խմբագիր
Relationship edt
9 (RLIN) 883
710 2# - ADDED ENTRY--CORPORATE NAME
Corporate name or jurisdiction name as entry element Հայաստանի պատմության թանգարան
942 ## - ADDED ENTRY ELEMENTS (KOHA)
Source of classification or shelving scheme Universal Decimal Classification
Koha item type Գրքեր / Books
Holdings
Withdrawn status Lost status Source of classification or shelving scheme Damaged status Not for loan Collection Home library Current library Date acquired Total checkouts Full call number Barcode Date last seen Price effective from Koha item type Public note
    Universal Decimal Classification     General Fundamental Scientific Library Fundamental Scientific Library 30/10/2023   AIII/9552 FL0681098 30/10/2023 30/10/2023 Գրքեր / Books 30 Days Loan


ՀՀ ԳԱԱ հիմնարար գիտական գրադարան
ՀՀ,Երևան 0019
Մարշալ Բաղրամյան 24/6
հեռախոս:(374-10) 52-47-50
Հետադարձ կապ

All site content, except where otherwise noted, is licensed under a
Creative Commons License